| 000 | 00948nam a2200229 i 4500 | ||
|---|---|---|---|
| 001 | 161830 | ||
| 003 | ES-MaACL | ||
| 005 | 20250804062623.0 | ||
| 008 | 950206s1900 sp |||| | spa d | ||
| 100 | 1 |
_aPérez Galdós, Benito, _d1843-1920 _990871 |
|
| 245 | 1 | 0 |
_aBodas reales / _cB. Pérez Galdós. |
| 260 |
_aMadrid : _bObras de Pérez Galdos, _c1900 ( _fEst. Tip. de la Viuda e Hijos de Tello) |
||
| 300 |
_a355 p. ; _c19 cm. |
||
| 490 | 1 |
_aEpisodios nacionales. [30]. Tercera serie ; _v[10] |
|
| 530 | _aDisponible en formato digital. | ||
| 598 | _aNúmero de colección obtenida de Palau y de NUC. | ||
| 651 | 4 |
_aEspaña- _xHistoria- _y1843-1868, Isabel II- _vNovelas. _9166739 |
|
| 830 | 0 |
_aEpisodios nacionales. [30]. Tercera serie ; _v[10] _9222145 |
|
| 852 |
_aES-MaACL _jB-5827 _z- Enc. pasta española |
||
| 856 |
_uhttp://bdh-rd.bne.es/viewer.vm?id=0000231836&page=1 _zBiblioteca Digital Hispánica |
||
| 999 |
_c161830 _d161830 |
||